[Event "Gibraltar Masters 13th"]
[Site "Caleta"]
[Date "2015.02.01"]
[Round "6"]
[White "Al Tamimi, Hamad"]
[Black "Green, Per"]
[Result "1-0"]
[WhiteElo "2214"]
[BlackElo "1996"]
[PlyCount "67"]
[EventDate "2015.01.27"]
[EventType "swiss"]
[EventRounds "10"]
[EventCountry "GGB"]
[SourceTitle "CBM 165"]
[Source "ChessBase"]
[SourceDate "2015.03.11"]
[SourceVersion "1"]
[SourceVersionDate "2015.03.11"]
[SourceQuality "1"]

1. e4 e6 2. d4 d5 3. Nc3 Bb4 4. e5 c5 5. a3 Bxc3+ 6. bxc3 Qa5 7. Bd2 Qa4 8. Qb1 c4 9. h4 Nc6 10. h5 Bd7 11. h6 gxh6 12. Nf3 0-0-0 13. Bxh6 Nxh6 14. Rxh6 Rdg8 15. Qc1 Be8 16. g3 Rg6 17. Rh4 f6 18. Bh3 fxe5 19. Nxe5 Nxe5 20. dxe5 Qa5 21. Qe3 Qb6 22. Qxb6 axb6 23. f4 Rxg3 24. Bxe6+ Bd7 25. Bxd7+ Kxd7 26. 0-0-0 Rxc3 27. Rxd5+ Kc7 28. Kb2 Re3 29. Rh6 Rf3 30. Rd4 b5 31. e6 Re3 32. f5 Re5 33. Rd7+ Kc8 34. Rf7 1-0

[Event "Gibraltar Masters 13th"]
[Site "Caleta"]
[Date "2015.01.30"]
[Round "4"]
[White "Al Tamimi, Hamad"]
[Black "Neelotpal, Das"]
[Result "0-1"]
[WhiteElo "2214"]
[BlackElo "2437"]
[PlyCount "66"]
[EventDate "2015.01.27"]
[EventType "swiss"]
[EventRounds "10"]
[EventCountry "GGB"]
[SourceTitle "CBM 165"]
[Source "ChessBase"]
[SourceDate "2015.03.11"]
[SourceVersion "1"]
[SourceVersionDate "2015.03.11"]
[SourceQuality "1"]

1. e4 e6 2. d4 d5 3. exd5 exd5 4. Bd3 c5 5. Qe2+ Be7 6. dxc5 Nf6 7. Nf3 0-0 8. 0-0 Bxc5 9. Bg5 h6 10. Bh4 Nc6 11. c3 g5 12. Bg3 Re8 13. Qc2 Ne4 14. Nbd2 f5 15. Nb3 Bb6 16. Nfd4 f4 17. f3 Nxg3 18. hxg3 fxg3 19. Rae1 Rf8 20. Re3 Kh8 21. Qd2 Qf6 22. f4 gxf4 23. Rxg3 Ne5 24. Nc1 Qh4 25. Nce2 f3 26. Qe3 Ng4 27. Rxg4 Bxg4 28. Nf4 Rf6 29. Ng6+ Rxg6 30. Bxg6 Bc7 31. Nxf3 Bxf3 32. Qd4+ Qxd4+ 33. cxd4 Rg8 0-1

[Event "Gibraltar Masters 13th"]
[Site "Caleta"]
[Date "2015.01.27"]
[Round "1"]
[White "Salgado Lopez, Ivan"]
[Black "Al Tamimi, Hamad"]
[Result "1-0"]
[WhiteElo "2628"]
[BlackElo "2214"]
[PlyCount "65"]
[EventDate "2015.01.27"]
[EventType "swiss"]
[EventRounds "10"]
[EventCountry "GGB"]
[SourceTitle "CBM 165"]
[Source "ChessBase"]
[SourceDate "2015.03.11"]
[SourceVersion "1"]
[SourceVersionDate "2015.03.11"]
[SourceQuality "1"]

1. d4 d5 2. c4 e6 3. Nf3 Nf6 4. g3 Be7 5. Bg2 0-0 6. Qc2 c6 7. Nbd2 b6 8. e4 Bb7 9. 0-0 Nbd7 10. Rd1 Rc8 11. e5 Ne8 12. b3 c5 13. Bb2 Qc7 14. dxc5 Nxc5 15. Rac1 Qb8 16. cxd5 Na4 17. Qb1 Nxb2 18. Rxc8 Bxc8 19. Qxb2 exd5 20. Nf1 Be6 21. Ne3 Nc7 22. b4 Rd8 23. Nd4 Qb7 24. a3 b5 25. Rc1 Bf8 26. Qc3 Na8 27. Qd3 a6 28. Nxe6 fxe6 29. Bh3 Re8 30. Nc2 Qc6 31. Rd1 Qc4 32. Nd4 Nc7 33. Qd2 1-0

[Event "Olympiad-41"]
[Site "Tromsoe"]
[Date "2014.08.05"]
[Round "4.4"]
[White "Chumfwa, Kelvin"]
[Black "Al Tamimi, Hamad"]
[Result "0-1"]
[WhiteElo "2193"]
[BlackElo "2186"]
[PlyCount "94"]
[EventDate "2014.08.02"]
[EventType "team-swiss"]
[EventRounds "11"]
[EventCountry "NOR"]
[SourceTitle "CBM 162"]
[Source "ChessBase"]
[SourceDate "2014.09.17"]
[SourceVersion "1"]
[SourceVersionDate "2014.09.17"]
[SourceQuality "1"]
[WhiteTeam "Zambia"]
[BlackTeam "Qatar"]
[WhiteTeamCountry "ZAM"]
[BlackTeamCountry "QAT"]

1. Nf3 d5 2. g3 c6 3. Bg2 Bg4 4. 0-0 Nd7 5. d3 e5 6. Nbd2 Ngf6 7. h3 Bh5 8. e4 dxe4 9. dxe4 Bc5 10. Qe2 0-0 11. Nb3 Bb6 12. Rd1 Qc7 13. a4 a5 14. Bg5 Rfe8 15. Rd2 h6 16. Be3 Bxf3 17. Bxf3 Nf8 18. Nc5 Ne6 19. Nxe6 Rxe6 20. Rad1 Ree8 21. Rd3 Rad8 22. Qd2 Rxd3 23. Qxd3 Bxe3 24. Qxe3 Rd8 25. Rxd8+ Qxd8 26. Qa7 Qc7 27. Qa8+ Kh7 28. Qf8 g6 29. h4 h5 30. c3 b6 31. Kg2 Ng8 32. Be2 Qe7 33. Qxe7 Nxe7 34. Kf3 Nc8 35. Ke3 Kg7 36. Bf1 Kf6 37. f4 Nd6 38. b4 Ke6 39. bxa5 bxa5 40. Bh3+ Ke7 41. fxe5 Nc4+ 42. Kd4 Nb6 43. Bf1 Nxa4 44. Bc4 c5+ 45. Kd5 Nxc3+ 46. Kxc5 Nxe4+ 47. Kd4 Nxg3 0-1

[Event "Olympiad-41"]
[Site "Tromsoe"]
[Date "2014.08.04"]
[Round "3.4"]
[White "Ramasindraibe, Girard"]
[Black "Al Tamimi, Hamad"]
[Result "0-1"]
[WhiteElo "2065"]
[BlackElo "2186"]
[PlyCount "140"]
[EventDate "2014.08.02"]
[EventType "team-swiss"]
[EventRounds "11"]
[EventCountry "NOR"]
[SourceTitle "CBM 162"]
[Source "ChessBase"]
[SourceDate "2014.09.17"]
[SourceVersion "1"]
[SourceVersionDate "2014.09.17"]
[SourceQuality "1"]
[WhiteTeam "Madagascar"]
[BlackTeam "Qatar"]
[WhiteTeamCountry "MAD"]
[BlackTeamCountry "QAT"]

1. e4 c6 2. d4 d5 3. e5 Bf5 4. g4 Be4 5. f3 Bg6 6. e6 Qd6 7. exf7+ Bxf7 8. Nd2 Nd7 9. Nb3 0-0-0 10. f4 h5 11. g5 Bg6 12. Bd3 Bxd3 13. Qxd3 e6 14. Be3 Ne7 15. Nf3 Nf5 16. 0-0 Qc7 17. a4 Bd6 18. Ne5 Rhf8 19. Bd2 Bxe5 20. dxe5 Qb6+ 21. Kg2 Nc5 22. Nxc5 Qxc5 23. Ra3 Qd4 24. Rb3 Qxd3 25. cxd3 b6 26. Rc1 Kb7 27. a5 Rc8 28. Bb4 Rh8 29. Bc5 b5 30. a6+ Kc7 31. Rbc3 Kd7 32. Bxa7 Ra8 33. Bb6 Rxa6 34. Rxc6 Rb8 35. Rc7+ Ke8 36. Bc5 Ra2 37. Rc2 Kd8 38. Rf7 Rc8 39. Kh3 Ke8 40. g6 Ra4 41. Rf8+ Kd7 42. Rf7+ Ke8 43. Rf8+ Kd7 44. Rxc8 Kxc8 45. b3 Ra8 46. Bd6+ Kb7 47. Rc7+ Kb6 48. Rf7 Rc8 49. Rxf5 exf5 50. e6 Kc6 51. Be5 Re8 52. Kh4 Rxe6 53. Kxh5 Re7 54. Bxg7 Rxg7 55. Kh6 Rg8 56. Kh7 Ra8 57. g7 Ra2 58. Kg6 Rxh2 59. Kxf5 Rg2 60. Kf6 Kd7 61. b4 Ke8 62. d4 Rg4 63. f5 Rg2 64. Ke6 Rxg7 65. Kxd5 Rc7 66. Kd6 Rc4 67. d5 Rxb4 68. Kc5 Rf4 69. Kxb5 Rxf5 70. Kc6 Kd8 0-1

[Event "Gibraltar Masters 12th"]
[Site "Caleta"]
[Date "2014.02.04"]
[Round "8"]
[White "Al Tamimi, Hamad"]
[Black "Wemmers, Xander"]
[Result "0-1"]
[WhiteElo "2211"]
[BlackElo "2348"]
[PlyCount "80"]
[EventDate "2014.01.28"]
[EventType "swiss"]
[EventRounds "10"]
[EventCountry "GGB"]
[SourceTitle "CBM 159"]
[Source "ChessBase"]
[SourceDate "2014.03.17"]
[SourceVersion "1"]
[SourceVersionDate "2014.03.17"]
[SourceQuality "1"]

1. e4 d6 2. d4 Nf6 3. Nc3 g6 4. g3 Bg7 5. Bg2 0-0 6. Nge2 e5 7. h3 Nc6 8. Be3 exd4 9. Nxd4 Bd7 10. 0-0 Re8 11. Qd2 a6 12. a4 Ne5 13. Qe2 c5 14. Nb3 Be6 15. Rfd1 Qc8 16. Kh2 Nc4 17. Rab1 h5 18. Bf4 h4 19. Nd2 hxg3+ 20. fxg3 d5 21. e5 Nxe5 22. Bxe5 Bg4 23. Nf3 Bxf3 24. Bxf3 d4 25. Qg2 Rxe5 26. Bxb7 Qe8 27. Bxa8 dxc3 28. Bf3 Ne4 29. b3 Nd2 30. Rxd2 cxd2 31. Qxd2 Re3 32. Rf1 Bd4 33. Kg2 Qe5 34. Rf2 Re1 35. Rf1 Rxf1 36. Kxf1 Qxg3 37. Qg2 Qf4 38. Qe2 Qc1+ 39. Qe1 Qxc2 40. Qe8+ Kg7 0-1

[Event "Gibraltar Masters 10th"]
[Site "Caleta"]
[Date "2012.01.30"]
[Round "7"]
[White "Al Tamimi, Hamad"]
[Black "Hanley, Craig"]
[Result "1/2-1/2"]
[WhiteElo "2237"]
[BlackElo "2421"]
[PlyCount "87"]
[EventDate "2012.01.24"]
[EventType "swiss"]
[EventRounds "10"]
[EventCountry "GGB"]
[SourceTitle "CBM 147"]
[Source "ChessBase"]
[SourceDate "2012.03.16"]
[SourceVersion "1"]
[SourceVersionDate "2012.03.16"]
[SourceQuality "1"]

1. e4 c5 2. Nf3 d6 3. Bb5+ Nc6 4. Bxc6+ bxc6 5. 0-0 Bg4 6. d3 e6 7. Re1 Nf6 8. Nbd2 Nd7 9. h3 Bh5 10. Nf1 Be7 11. Ng3 Bg6 12. c3 0-0 13. b3 d5 14. Bb2 Qc7 15. Qe2 a5 16. c4 Bd6 17. Nf1 a4 18. Qc2 Rfb8 19. N3d2 a3 20. Bc1 Be5 21. Rb1 Nf6 22. Nf3 dxe4 23. dxe4 Rd8 24. Nxe5 Qxe5 25. f3 Nh5 26. Bd2 Nf4 27. Bxf4 Qxf4 28. Rbd1 f5 29. exf5 Bxf5 30. Qe2 Rd4 31. g4 Bg6 32. Qxe6+ Bf7 33. Rxd4 Qxd4+ 34. Qe3 Qb2 35. Qf2 Bg6 36. Re2 Qf6 37. f4 Bd3 38. Rd2 Bxf1 39. Kxf1 Rf8 40. Kg2 h5 41. gxh5 Qh6 42. Qg3 Rxf4 43. Rd8+ Rf8 44. Rxf8+ 1/2-1/2

[Event "Asia-chT 16th"]
[Site "Guangzhou"]
[Date "2010.11.22"]
[Round "5"]
[White "Al Tamimi, Hamad"]
[Black "Abu Sufian, Sakil"]
[Result "1/2-1/2"]
[WhiteElo "2236"]
[BlackElo "2340"]
[PlyCount "141"]
[EventDate "2010.11.18"]
[EventType "team-swiss"]
[EventRounds "9"]
[EventCountry "CHN"]
[SourceTitle "CBM 139 Extra"]
[Source "ChessBase"]
[SourceDate "2011.01.05"]
[SourceVersion "1"]
[SourceVersionDate "2011.01.05"]
[SourceQuality "1"]
[WhiteTeam "Qatar"]
[BlackTeam "Bangladesh"]
[WhiteTeamCountry "QAT"]
[BlackTeamCountry "BAN"]

1. e4 c5 2. Nf3 Nc6 3. Bb5 d6 4. Bxc6+ bxc6 5. 0-0 Bg4 6. c3 e5 7. h3 Bh5 8. d3 Be7 9. Be3 Nf6 10. Nbd2 0-0 11. Qc2 Bg6 12. Rfe1 Qc7 13. Nh4 d5 14. Nxg6 hxg6 15. d4 exd4 16. cxd4 Nxe4 17. Nxe4 dxe4 18. Qxe4 Bf6 19. Bf4 Qb6 20. Bd6 Rfe8 21. Qxe8+ Rxe8 22. Rxe8+ Kh7 23. Rb8 Qa5 24. Bxc5 a6 25. Rb6 Qd2 26. a4 a5 27. Rf1 Bxd4 28. Bxd4 Qxd4 29. Rxc6 Qxa4 30. Rc3 Qb4 31. Ra3 Qa4 32. Rc3 Qb4 33. Ra3 g5 34. Rfa1 Qxb2 35. Rxa5 f6 36. Ra7 Qd4 37. R7a4 Qc3 38. Rd1 Kg6 39. Raa1 Kh6 40. Rac1 Qb2 41. Rc7 Qe5 42. Rcc1 Qb2 43. Re1 Qd2 44. Rcd1 Qb4 45. Re3 Qc5 46. Red3 Qc2 47. R3d2 Qc3 48. Rd4 Qc2 49. Rf1 Qc3 50. Ra4 Qb3 51. Re4 Qd3 52. Ra4 Kh7 53. Rfa1 Qc3 54. Rd1 Kg6 55. Raa1 Kh6 56. Rac1 Qb2 57. Rc7 Qe5 58. Rcc1 Qb2 59. Re1 Qd2 60. Rcd1 Qb4 61. Re3 Qc5 62. Red3 Qc2 63. R3d2 Qc3 64. Rd4 Qc2 65. Rf1 Qc3 66. Ra4 Qb3 67. Re4 Qd3 68. Ra4 Qb3 69. Rd4 Qc3 70. Rd8 Kg6 71. Rfd1 1/2-1/2

[Event "Asia-chT 16th"]
[Site "Guangzhou"]
[Date "2010.11.20"]
[Round "3"]
[White "Al Tamimi, Hamad"]
[Black "Khamrakulov, Djurabek"]
[Result "0-1"]
[WhiteElo "2236"]
[BlackElo "2482"]
[PlyCount "116"]
[EventDate "2010.11.18"]
[EventType "team-swiss"]
[EventRounds "9"]
[EventCountry "CHN"]
[SourceTitle "CBM 139 Extra"]
[Source "ChessBase"]
[SourceDate "2011.01.05"]
[SourceVersion "1"]
[SourceVersionDate "2011.01.05"]
[SourceQuality "1"]
[WhiteTeam "Qatar"]
[BlackTeam "Uzbekistan"]
[WhiteTeamCountry "QAT"]
[BlackTeamCountry "UZB"]

1. e4 c5 2. Nf3 e6 3. c3 Nf6 4. e5 Nd5 5. Bc4 Nb6 6. Bb3 d5 7. exd6 Bxd6 8. 0-0 Nc6 9. d4 0-0 10. Bg5 Qc7 11. dxc5 Bxc5 12. Nbd2 Be7 13. Bxe7 Nxe7 14. Qe2 Nbd5 15. Nc4 b6 16. Qe5 Bb7 17. Qxc7 Nxc7 18. Nfe5 Rfd8 19. Rad1 Ncd5 20. Rfe1 h5 21. f3 Rac8 22. Ne3 Nxe3 23. Rxe3 Rxd1+ 24. Bxd1 Bd5 25. Bb3 f6 26. Nd3 e5 27. Nf2 Bxb3 28. axb3 Kf7 29. Rd3 Ke6 30. Ne4 Nd5 31. g3 h4 32. Kg2 Rd8 33. Kf2 Rh8 34. Kg2 Nc7 35. Rd1 Ke7 36. Ra1 a6 37. Rd1 Ne6 38. b4 hxg3 39. hxg3 a5 40. b5 g6 41. Rd2 Rc8 42. Kf1 f5 43. Nf2 Nc5 44. Ke1 Ke6 45. Kd1 Nb3 46. Re2 Rc5 47. Nd3 Rd5 48. Kc2 Rxd3 49. Kxd3 Nc1+ 50. Ke3 Nxe2 51. Kxe2 Kd5 52. b3 Kc5 53. c4 a4 54. bxa4 Kxc4 55. g4 Kb4 56. gxf5 gxf5 57. Kd3 Kxa4 58. Kc4 e4 0-1

[Event "Olympiad-39"]
[Site "Khanty-Mansiysk"]
[Date "2010.10.03"]
[Round "11.4"]
[White "Al Tamimi, Hamad"]
[Black "Sveshnikov, Vladimir"]
[Result "1/2-1/2"]
[WhiteElo "2250"]
[BlackElo "2374"]
[PlyCount "81"]
[EventDate "2010.09.21"]
[EventType "team-swiss"]
[EventRounds "11"]
[EventCountry "RUS"]
[SourceTitle "CBM 139"]
[Source "ChessBase"]
[SourceDate "2010.11.18"]
[SourceVersion "1"]
[SourceVersionDate "2010.11.18"]
[SourceQuality "1"]
[WhiteTeam "Qatar"]
[BlackTeam "Latvia"]
[WhiteTeamCountry "QAT"]
[BlackTeamCountry "LAT"]

1. e4 c5 2. Nf3 Nc6 3. Bb5 g6 4. Bxc6 dxc6 5. d3 Bg7 6. h3 Nf6 7. Nc3 Nd7 8. Be3 e5 9. Qd2 h6 10. Nh2 Qe7 11. 0-0 b6 12. f4 exf4 13. Bxf4 Ne5 14. a4 a5 15. Rf2 Be6 16. Raf1 0-0-0 17. Nf3 Nxf3+ 18. Rxf3 Kb7 19. b3 g5 20. Be3 Be5 21. Ne2 Qc7 22. Bf2 g4 23. hxg4 Bxg4 24. Re3 h5 25. Bg3 Bxg3 26. Nxg3 h4 27. Nf5 h3 28. g3 h2+ 29. Kh1 Rh3 30. Rf4 Bxf5 31. Rxf5 Rxg3 32. Rxg3 Qxg3 33. Rxf7+ Ka6 34. Qg2 Qe3 35. Rf1 b5 36. axb5+ Kxb5 37. Qf2 Qh3 38. Qf5 Qg3 39. Qf4 Qh3 40. Qf5 Qg3 41. Qf4 1/2-1/2

[Event "Olympiad-39"]
[Site "Khanty-Mansiysk"]
[Date "2010.10.01"]
[Round "10.4"]
[White "Al Tamimi, Hamad"]
[Black "Antonsen, Mikkel"]
[Result "0-1"]
[WhiteElo "2250"]
[BlackElo "2471"]
[PlyCount "82"]
[EventDate "2010.09.21"]
[EventType "team-swiss"]
[EventRounds "11"]
[EventCountry "RUS"]
[SourceTitle "CBM 139"]
[Source "ChessBase"]
[SourceDate "2010.11.18"]
[SourceVersion "1"]
[SourceVersionDate "2010.11.18"]
[SourceQuality "1"]
[WhiteTeam "Qatar"]
[BlackTeam "Denmark"]
[WhiteTeamCountry "QAT"]
[BlackTeamCountry "DEN"]

1. e4 e5 2. Nf3 Nc6 3. Nc3 Nf6 4. Bb5 Nd4 5. Nxd4 exd4 6. e5 dxc3 7. exf6 Qxf6 8. dxc3 Qe5+ 9. Qe2 Qxe2+ 10. Bxe2 Be7 11. Bf4 d6 12. 0-0-0 Be6 13. Rhe1 0-0-0 14. Bf3 Rde8 15. Bd5 Bh4 16. g3 Bf6 17. Bxe6+ fxe6 18. Be3 b6 19. f4 h5 20. Bd4 Kd7 21. Re2 Ke7 22. Kd2 Kf7 23. Ke1 Rhg8 24. h4 e5 25. fxe5 dxe5 26. Be3 Ke6 27. Kf2 Rd8 28. Rxd8 Rxd8 29. Rd2 Rxd2+ 30. Bxd2 Kf5 31. Kf3 b5 32. b3 a6 33. Be1 c6 34. Ke3 Bd8 35. Kd3 e4+ 36. Ke2 Bc7 37. Kf2 Kg4 38. Kg2 e3 39. c4 bxc4 40. b4 Be5 41. a4 g6 0-1

[Event "Olympiad-39"]
[Site "Khanty-Mansiysk"]
[Date "2010.09.29"]
[Round "8.4"]
[White "Al Tamimi, Hamad"]
[Black "Parfenov, Pavel"]
[Result "1/2-1/2"]
[WhiteElo "2250"]
[BlackElo "2242"]
[PlyCount "77"]
[EventDate "2010.09.21"]
[EventType "team-swiss"]
[EventRounds "11"]
[EventCountry "RUS"]
[SourceTitle "CBM 139"]
[Source "ChessBase"]
[SourceDate "2010.11.18"]
[SourceVersion "1"]
[SourceVersionDate "2010.11.18"]
[SourceQuality "1"]
[WhiteTeam "Qatar"]
[BlackTeam "ISCA"]
[WhiteTeamCountry "QAT"]

1. e4 c5 2. Nf3 Nc6 3. Bb5 g6 4. Bxc6 bxc6 5. 0-0 Bg7 6. c3 Nh6 7. d4 cxd4 8. cxd4 f6 9. Nc3 Nf7 10. b3 d6 11. h3 0-0 12. Ba3 Bd7 13. Re1 Qa5 14. Bb2 Rad8 15. Qe2 Rfe8 16. Rad1 Bc8 17. Qc4 Qa6 18. Nd2 Bh6 19. Na4 Qa5 20. Bc3 Qh5 21. Qe2 Qxe2 22. Rxe2 Ba6 23. Ree1 Bb5 24. Nb2 d5 25. Bb4 e6 26. a4 Ba6 27. Bc5 Rd7 28. b4 Nd8 29. Nb3 Kf7 30. g3 dxe4 31. Rxe4 Bg7 32. Ree1 h5 33. f4 h4 34. Kf2 hxg3+ 35. Kxg3 Rh8 36. Na5 Bf8 37. Nb3 Bg7 38. Na5 Bf8 39. Nb3 1/2-1/2

[Event "Olympiad-39"]
[Site "Khanty-Mansiysk"]
[Date "2010.09.28"]
[Round "7.4"]
[White "Khatanbaatar, Bazar"]
[Black "Al Tamimi, Hamad"]
[Result "1-0"]
[WhiteElo "2392"]
[BlackElo "2250"]
[PlyCount "77"]
[EventDate "2010.09.21"]
[EventType "team-swiss"]
[EventRounds "11"]
[EventCountry "RUS"]
[SourceTitle "CBM 139"]
[Source "ChessBase"]
[SourceDate "2010.11.18"]
[SourceVersion "1"]
[SourceVersionDate "2010.11.18"]
[SourceQuality "1"]
[WhiteTeam "Mongolia"]
[BlackTeam "Qatar"]
[WhiteTeamCountry "MGL"]
[BlackTeamCountry "QAT"]

1. e4 c6 2. d4 d5 3. f3 e6 4. Nc3 Qb6 5. a4 Bb4 6. Be3 Nf6 7. e5 Nfd7 8. Kf2 c5 9. a5 Qc6 10. Nb5 cxd4 11. Nxd4 Qc7 12. c3 Be7 13. f4 a6 14. b4 0-0 15. Qc2 Nc6 16. Ngf3 b6 17. Bd3 bxa5 18. Nxc6 Qxc6 19. Nd4 Qc7 20. Bxh7+ Kh8 21. Rxa5 Nb6 22. Bd3 Nc4 23. Qe2 g6 24. Bxc4 dxc4 25. h4 Kg7 26. h5 Rh8 27. Qg4 Qb7 28. Rh3 Qe4 29. hxg6 Qxg6 30. Qxg6+ fxg6 31. Rxh8 Kxh8 32. b5 Bc5 33. Nf3 Be7 34. Nd2 Bb7 35. b6 Bd5 36. Ra4 Rf8 37. Kg3 g5 38. fxg5 Rf5 39. Nf3 1-0

[Event "Olympiad-39"]
[Site "Khanty-Mansiysk"]
[Date "2010.09.27"]
[Round "6.4"]
[White "Ribbegren, Karl Johan"]
[Black "Al Tamimi, Hamad"]
[Result "1/2-1/2"]
[WhiteElo "2153"]
[BlackElo "2250"]
[PlyCount "130"]
[EventDate "2010.09.21"]
[EventType "team-swiss"]
[EventRounds "11"]
[EventCountry "RUS"]
[SourceTitle "CBM 139"]
[Source "ChessBase"]
[SourceDate "2010.11.18"]
[SourceVersion "1"]
[SourceVersionDate "2010.11.18"]
[SourceQuality "1"]
[WhiteTeam "Monaco"]
[BlackTeam "Qatar"]
[WhiteTeamCountry "MNC"]
[BlackTeamCountry "QAT"]

1. g3 d5 2. Bg2 c6 3. c4 Nf6 4. cxd5 cxd5 5. Nf3 Nc6 6. 0-0 Bg4 7. d3 e6 8. Qa4 Bd6 9. Bg5 Bxf3 10. Bxf3 h6 11. Be3 0-0 12. Nc3 Qe7 13. Rac1 a6 14. Bg2 Rfc8 15. Bd2 Rc7 16. Nb5 Rcc8 17. Nxd6 Qxd6 18. Qh4 Qe5 19. e4 Nd4 20. Kh1 dxe4 21. dxe4 Rxc1 22. Rxc1 Kh7 23. Bxh6 gxh6 24. f4 Qh5 25. Qxf6 Ne2 26. g4 Qg6 27. Qxg6+ Kxg6 28. Rf1 Rc8 29. e5 Rc4 30. f5+ Kg5 31. fxe6 fxe6 32. Bxb7 Rb4 33. Bc8 Rxb2 34. Bxe6 Nd4 35. Bd5 Re2 36. Rd1 Nb5 37. Bb7 Rxe5 38. Bxa6 Nc3 39. Rd2 Kxg4 40. Kg2 Nd5 41. h3+ Kg5 42. Kf3 Re3+ 43. Kf2 Re5 44. Rd4 Nc3 45. h4+ Kf6 46. Bc4 Ra5 47. Rd6+ Kg7 48. Rd7+ Kg6 49. Bd3+ Kf6 50. Rd6+ Kf7 51. Kf3 Nxa2 52. Rxh6 Ra3 53. Ke4 Kg7 54. Rh5 Ra4+ 55. Ke3 Nb4 56. Be4 Na6 57. Kf4 Nb8 58. Rh7+ Kf6 59. Rb7 Na6 60. Rb6+ Kg7 61. Rc6 Nb4 62. Rc7+ Kf6 63. Rc4 Nd3+ 64. Bxd3 Rxc4+ 65. Bxc4 Kg7 1/2-1/2

[Event "Olympiad-39"]
[Site "Khanty-Mansiysk"]
[Date "2010.09.22"]
[Round "2.4"]
[White "Al Tamimi, Hamad"]
[Black "Erdogdu, Mert"]
[Result "0-1"]
[WhiteElo "2250"]
[BlackElo "2428"]
[PlyCount "118"]
[EventDate "2010.09.21"]
[EventType "team-swiss"]
[EventRounds "11"]
[EventCountry "RUS"]
[SourceTitle "CBM 139"]
[Source "ChessBase"]
[SourceDate "2010.11.18"]
[SourceVersion "1"]
[SourceVersionDate "2010.11.18"]
[SourceQuality "1"]
[WhiteTeam "Qatar"]
[BlackTeam "Turkey"]
[WhiteTeamCountry "QAT"]
[BlackTeamCountry "TUR"]

1. e4 c5 2. Nf3 d6 3. Bb5+ Nc6 4. Bxc6+ bxc6 5. 0-0 Bg4 6. h3 Bh5 7. e5 dxe5 8. g4 e4 9. gxh5 exf3 10. Nc3 Nf6 11. Qxf3 Rc8 12. Re1 e6 13. d3 Be7 14. Bf4 0-0 15. h6 g6 16. Be5 Nd7 17. Bg7 Re8 18. Rad1 Bf6 19. Bxf6 Nxf6 20. Ne4 Nxe4 21. Rxe4 Qg5+ 22. Kh2 Qxh6 23. Rc4 Qf8 24. Qe3 Qd6+ 25. Kg1 Rb8 26. b3 Rb5 27. a4 Ra5 28. Rh4 h5 29. Qg5 Qd5 30. Rxh5 c4 31. Qxd5 cxd5 32. Rh4 cxb3 33. cxb3 Rc5 34. Rb4 Re7 35. Kf1 a5 36. Rb8+ Kg7 37. Ke2 d4 38. b4 axb4 39. Rxb4 e5 40. Rd2 Kf6 41. Ra2 Ra7 42. f4 exf4 43. Rxd4 Kf5 44. Kf3 g5 45. Rb2 Re7 46. Rb5 Re3+ 47. Kg2 Rce5 48. Rdd5 Rxd5 49. Rxd5+ Kg6 50. a5 Re2+ 51. Kf3 Ra2 52. Rd6+ Kh5 53. a6 f5 54. Rf6 Ra3 55. Rd6 Ra4 56. Rf6 g4+ 57. hxg4+ fxg4+ 58. Kg2 Ra2+ 59. Kg1 f3 0-1

[Event "Biel MTO op 43rd"]
[Site "Biel"]
[Date "2010.07.29"]
[Round "10"]
[White "Al Tamimi, Hamad"]
[Black "Paikidze, Nazi"]
[Result "1/2-1/2"]
[WhiteElo "2243"]
[BlackElo "2346"]
[PlyCount "71"]
[EventDate "2010.07.19"]
[EventType "swiss"]
[EventRounds "11"]
[EventCountry "SUI"]
[SourceTitle "CBM 137 Extra"]
[Source "ChessBase"]
[SourceDate "2010.09.01"]
[SourceVersion "1"]
[SourceVersionDate "2010.09.01"]
[SourceQuality "1"]

1. e4 c6 2. d4 d5 3. Nc3 dxe4 4. Nxe4 Bf5 5. Ng3 Bg6 6. h4 h6 7. Nf3 Nd7 8. h5 Bh7 9. Bd3 Bxd3 10. Qxd3 e6 11. Bf4 Qa5+ 12. Bd2 Qc7 13. 0-0-0 Ngf6 14. Ne4 0-0-0 15. g3 Nxe4 16. Qxe4 Bd6 17. c4 c5 18. Bc3 Nf6 19. Qe2 cxd4 20. Nxd4 a6 21. Nf3 Rd7 22. Ne5 Bxe5 23. Bxe5 Qc6 24. Bxf6 Rxd1+ 25. Rxd1 gxf6 26. Kb1 Rd8 27. Rxd8+ Kxd8 28. g4 Ke7 29. f3 Kf8 30. b4 Qd6 31. c5 Qd4 32. Qe4 Qd1+ 33. Kb2 Qd2+ 34. Kb3 Qd1+ 35. Kb2 Qd2+ 36. Kb3 1/2-1/2

[Event "Biel MTO op 43rd"]
[Site "Biel"]
[Date "2010.07.22"]
[Round "4"]
[White "Nezad, Husein Aziz"]
[Black "Al Tamimi, Hamad"]
[Result "1/2-1/2"]
[WhiteElo "2398"]
[BlackElo "2243"]
[PlyCount "35"]
[EventDate "2010.07.19"]
[EventType "swiss"]
[EventRounds "11"]
[EventCountry "SUI"]
[SourceTitle "CBM 137 Extra"]
[Source "ChessBase"]
[SourceDate "2010.09.01"]
[SourceVersion "1"]
[SourceVersionDate "2010.09.01"]
[SourceQuality "1"]

1. e4 c6 2. d4 d5 3. Nc3 dxe4 4. Nxe4 Bf5 5. Ng3 Bg6 6. h4 h6 7. h5 Bh7 8. Bd3 Bxd3 9. Qxd3 e6 10. Nf3 Nd7 11. Bf4 Qa5+ 12. Bd2 Bb4 13. a3 Bxd2+ 14. Qxd2 Qxd2+ 15. Kxd2 Ngf6 16. c4 0-0-0 17. Kc3 Rhe8 18. Rad1 1/2-1/2

[Event "Gibraltar Masters 8th"]
[Site "Caleta"]
[Date "2010.01.26"]
[Round "1"]
[White "Bindrich, Falko"]
[Black "Al Tamimi, Hamad"]
[Result "1-0"]
[WhiteElo "2512"]
[BlackElo "2238"]
[PlyCount "79"]
[EventDate "2010.01.26"]
[EventType "swiss"]
[EventRounds "10"]
[EventCountry "GGB"]
[SourceTitle "CBM 134 Extra"]
[Source "ChessBase"]
[SourceDate "2010.03.03"]
[SourceVersion "1"]
[SourceVersionDate "2010.03.03"]
[SourceQuality "1"]

1. d4 d5 2. c4 e6 3. Nc3 Be7 4. Nf3 Nf6 5. Bf4 0-0 6. e3 Nbd7 7. a3 c6 8. Bd3 b6 9. 0-0 Bb7 10. cxd5 Nxd5 11. Nxd5 exd5 12. Rc1 c5 13. Qc2 h6 14. Rfe1 c4 15. Bh7+ Kh8 16. Bf5 Nf6 17. Ne5 Nh5 18. Bg3 Nxg3 19. hxg3 b5 20. Qe2 Bd6 21. f4 Qe7 22. g4 Qh4 23. Rf1 g6 24. Bc2 Bc8 25. f5 Qe7 26. fxg6 Bxe5 27. dxe5 Qxe5 28. Qd2 Bxg4 29. e4 Qg5 30. Qd4+ f6 31. exd5 Be2 32. Rf4 Bf3 33. Qd2 Bxd5 34. Rd1 Bc6 35. Qf2 Rae8 36. Bf5 Re7 37. Rg4 Qh5 38. Qc5 Rfe8 39. g7+ Rxg7 40. Qxc6 1-0

[Event "Olympiad-37"]
[Site "Turin"]
[Date "2006.06.03"]
[Round "12"]
[White "Lima, Darcy Gustavo Macha"]
[Black "Al Tamimi, Hamad"]
[Result "1/2-1/2"]
[WhiteElo "2489"]
[BlackElo "2290"]
[PlyCount "72"]
[EventDate "2006.05.21"]
[EventType "team-swiss"]
[EventRounds "13"]
[EventCountry "ITA"]
[SourceTitle "CBM 113"]
[Source "ChessBase"]
[SourceDate "2006.07.31"]
[SourceVersion "1"]
[SourceVersionDate "2006.07.31"]
[SourceQuality "1"]
[WhiteTeam "Brazil"]
[BlackTeam "Qatar"]
[WhiteTeamCountry "BRA"]
[BlackTeamCountry "QAT"]

1. e4 c6 2. d4 d5 3. Nc3 dxe4 4. Nxe4 Bf5 5. Nc5 b6 6. Nb3 Nf6 7. Nf3 e6 8. g3 Nbd7 9. Bg2 Rc8 10. 0-0 Bd6 11. Qe2 0-0 12. c4 c5 13. Rd1 Qc7 14. Be3 Be4 15. Rac1 Rfd8 16. Nbd2 Bc6 17. b3 Qb7 18. Qf1 h6 19. h3 a6 20. dxc5 Bxc5 21. Bxc5 Nxc5 22. Ne5 Bxg2 23. Qxg2 Qxg2+ 24. Kxg2 Nfd7 25. Ndf3 Nxe5 26. Nxe5 f6 27. Ng4 Kf7 28. Ne3 Ke7 29. f4 f5 30. Kf3 Ne4 31. g4 g6 32. b4 Nd6 33. Rd4 Ne4 34. Rdd1 Nd6 35. Rd3 Ne4 36. Rdd1 Nd6 1/2-1/2